Normal view
MARC view
Entry Corporate Name
001 - CONTROL NUMBER
- control field: 51415
003 - CONTROL NUMBER IDENTIFIER
- control field: ARRUPE
005 - DATE AND TIME OF LATEST TRANSACTION
- control field: 20220505090454.0
008 - FIXED-LENGTH DATA ELEMENTS
- fixed length control field: 220505|| aca||aabn | a|a d
040 ## - CATALOGING SOURCE
- Original cataloging agency: ARRUPE
- Transcribing agency: ARRUPE
110 ## - HEADING--CORPORATE NAME
- Corporate name or jurisdiction name as entry element: Alfred Whital Stern Collection of Lincolniana (Library of Congress)
670 ## - SOURCE DATA FOUND
- Source citation: Work cat.: (ARRUPE)131345: Morris, Richard B. (Richard Brandon), 1904-1989, ed. 51412, Encyclopedia of American history /, [1953]